Pengurusan kejaya
Saved in:
| Main Author: | |
|---|---|
| Format: | Book |
| Published: |
Kuala Lumpur
Utusan Publications & Distributions
2002
|
| Series: | Siri pengurusan dan pentadbiran Utusan
|
| Subjects: | |
| Tags: |
Add Tag
No Tags, Be the first to tag this record!
|
| Call Number : | HF5381 .C515 2002 |
MARC
| LEADER | 00000pam a2200000 4500 | ||
|---|---|---|---|
| 001 | 38380 | ||
| 003 | MY-KLNDU | ||
| 005 | 20241218091539.0 | ||
| 020 | 0 | 0 | |a 9789676110244 |
| 020 | 0 | 0 | |a 9676110248 |
| 035 | |a 0000031004 | ||
| 039 | 9 | |a 200911181317 |b VLOAD |c 200911181115 |d VLOAD |c 200911181110 |d VLOAD |c 200911181107 |d VLOAD |y 200910091634 |z VLOAD | |
| 090 | 0 | 0 | |a HF5381 |b .C515 2002 |
| 100 | 1 | 0 | |a Chek Mat |
| 245 | 1 | 0 | |a Pengurusan kejaya |c Chek Mat |
| 260 | 0 | 0 | |a Kuala Lumpur |b Utusan Publications & Distributions |c 2002 |
| 440 | 0 | 0 | |a Siri pengurusan dan pentadbiran Utusan |
| 500 | 0 | 0 | |a Reprinted 2002 |
| 500 | 0 | 0 | |a Includes bibliographical references |
| 591 | |a 0000002188 |b 29/04/08 |c 0200-07 |d 1 |e RM1 |f 1 |g 1 |h VS MEDIA | ||
| 591 | |a 0000001784 |b 28/04/08 |c 0201-07 |d 1 |e RM1 |f 1 |g 1 |h VS MEDIA | ||
| 591 | |a 0000001524 |b 25/04/08 |c 0198-07 |d 1 |e RM1 |f 1 |g 1 |h VS MEDIA | ||
| 592 | |a 1053/08 |b 18/02/09 |c RM10 |d 1 |e 10 | ||
| 650 | 0 | 0 | |a Career dvelopment |
| 999 | |a vtls000028018 |c 38380 |d 38380 | ||


